History-1 : including map work as per new syllabus for first year PUC 2004-05 (Record no. 195085)
[ view plain ]
| 000 -LEADER | |
|---|---|
| fixed length control field | 00456nam a2200157Ia 4500 |
| 008 - FIXED-LENGTH DATA ELEMENTS--GENERAL INFORMATION | |
| fixed length control field | 231217s9999 xx 000 0 und d |
| 041 ## - LANGUAGE CODE | |
| Language code of text/sound track or separate title | English |
| 082 ## - DEWEY DECIMAL CLASSIFICATION NUMBER | |
| Classification number | 372.891 HAR;1 R |
| 100 ## - MAIN ENTRY--PERSONAL NAME | |
| Personal name | Haridas, Kalpan U. Ramamani, M T. |
| 245 #0 - TITLE STATEMENT | |
| Title | History-1 : including map work as per new syllabus for first year PUC 2004-05 |
| 250 ## - EDITION STATEMENT | |
| Edition statement | 1st ed. |
| 260 ## - PUBLICATION, DISTRIBUTION, ETC. | |
| Date of publication, distribution, etc. | 2004 |
| Name of publisher, distributor, etc. | Himalaya |
| Place of publication, distribution, etc. | Mumbai |
| 300 ## - PHYSICAL DESCRIPTION | |
| Extent | 182 |
| 650 ## - SUBJECT ADDED ENTRY--TOPICAL TERM | |
| Topical term or geographic name entry element | History-1,map,PUC,2004-05 |
| 942 ## - ADDED ENTRY ELEMENTS (KOHA) | |
| Koha item type | Books |
| Date last seen | Total checkouts | Full call number | Accession number | Price effective from | Category | Public note | Lost status | Damaged status | Department | Withdrawn status | Home library | Current library | Shelving location | Entry date | Grants | Billdate | Currency symbol | Conversion rate | Discount | Old discount |
|---|---|---|---|---|---|---|---|---|---|---|---|---|---|---|---|---|---|---|---|---|
| 26/01/2024 | 372.891 HAR;1 R | 85945 | 26/01/2024 | Books | Donated By Education Library | Central Library | Central Library | Central Library | Central Library | 20/05/2013 | DONATED | 10/12/2020 | RS | 1 |
